[Event "18th Charleroi Open-A 2019"]
[Site "Charleroi"]
[Date "2019.07.29"]
[Round "4.18"]
[White "Uhoda, Philippe"]
[Black "Werner, Ivan"]
[Result "1/2-1/2"]
[WhiteElo "2062"]
[BlackElo "2129"]
[Annotator "NA"]
[PlyCount "68"]
[EventDate "2019.07.22"]
[EventType "swiss"]
[EventCountry "BEL"]
[SourceTitle "playchess.com"]
[Source "ChessBase"]
[SourceQuality "1"]
[TimeControl "40/5400+30:1800+30"]

1. c4 {[%emt 1:30:30]} g6 {[%emt 0:02:27]} 2. g3 {[%emt 0:00:00]} c5 {[%emt 0:00:33]} 3. Bg2 {[%emt 0:00:00]} Bg7 {[%emt 0:00:11]} 4. Nc3 {[%emt 0:00:00]} Nc6 {[%emt 0:00:05]} 5. Nf3 {[%emt 0:00:00]} e6 {[%emt 0:00:25]} 6. O-O {[%emt 0:00:00]} Nge7 {[%emt 1:29:19]} 7. d3 {[%emt 0:00:00]} O-O {[%emt 0:00:30]} 8. Rb1 {[%emt 0:00:00]} d5 {[%emt 0:00:00]} 9. cxd5 {[%emt 0:00:00]} exd5 {[%emt 0:00:00]} 10. Bg5 {[%emt 0:00:00]} h6 {[%emt 0:01:30]} 11. Bd2 {[%emt 0:00:00]} Be6 {[%emt 0:00:00]} 12. a3 {[%emt 0:05:30]} b6 {[%emt 0:00:00]} 13. b4 {[%emt 0:00:00]} cxb4 {[%emt 0:00:00]} 14. axb4 {[%emt 0:00:00]} a5 {[%emt 0:00:00]} 15. bxa5 {[%emt 0:00:00]} bxa5 {[%emt 0:00:00]} 16. Na4 {[%emt 0:00:00]} Qd6 {[%emt 0:03:00]} 17. Be3 {[%emt 0:02:30]} Rfb8 {[%emt 0:00:00]} 18. Bc5 {[%emt 0:00:00]} Qd8 {[%emt 0:00:00]} 19. d4 {[%emt 0:01:00]} Nb4 {[%emt 0:00:00]} 20. Qd2 {[%emt 0:00:00]} Nec6 {[%emt 0:00:00]} 21. Rb2 {[%emt 0:00:00]} Bf5 {[%emt 0:00:00]} 22. Rc1 {[%emt 0:01:30]} Qe8 {[%emt 0:00:00]} 23. Ra1 {[%emt 0:00:00]} Be4 {[%emt 0:00:00]} 24. Nh4 {[%emt 0:00:00]} Bxg2 {[%emt 0:00:00]} 25. Nxg2 {[%emt 0:00:00]} Na6 {[%emt 0:00:00]} 26. Rxb8 {[%emt 0:00:00]} Rxb8 {[%emt 0:00:00]} 27. e3 {[%emt 0:00:00]} Nxc5 {[%emt 0:00:00]} 28. Nxc5 {[%emt 0:00:00]} Rb5 {[%emt 0:00:00]} 29. Qc3 {[%emt 0:00:00]} Bf8 {[%emt 0:06:30]} 30. Nd3 {[%emt 0:00:00]} a4 {[%emt 0:00:00]} 31. Rxa4 {[%emt 0:00:00]} Rb1+ {[%emt 0:00:00]} 32. Nge1 {[%emt 0:00:00]} Ne5 {[%emt 0:00:39]} 33. Ra1 {[%emt 0:00:00]} Nf3+ {[%emt 0:00:09]} 34. Kf1 {[%emt 0:00:00]} Nxh2+ {[%emt 0:00:05]} 1/2-1/2

[Event "18th Charleroi Open-A 2019"]
[Site "Charleroi"]
[Date "2019.07.29"]
[Round "4.19"]
[White "Roger, Mehdi"]
[Black "Verbist, Julien"]
[Result "1/2-1/2"]
[WhiteElo "2125"]
[BlackElo "1974"]
[Annotator "NA"]
[PlyCount "62"]
[EventDate "2019.07.22"]
[EventType "swiss"]
[EventCountry "BEL"]
[SourceTitle "playchess.com"]
[Source "ChessBase"]
[SourceQuality "1"]
[TimeControl "40/5400+30:1800+30"]

1. e4 {[%emt 0:00:00]} d5 {[%emt 0:00:00]} 2. exd5 {[%emt 0:00:08]} Qxd5 {[%emt 0:00:00]} 3. Nc3 {[%emt 0:00:44]} Qa5 {[%emt 0:00:00]} 4. d4 {[%emt 0:00:37]} c6 {[%emt 1:32:00]} 5. Nf3 {[%emt 0:06:03]} Nf6 {[%emt 0:00:00]} 6. Bd2 {[%emt 0:00:37]} Bf5 {[%emt 0:00:00]} 7. Bc4 {[%emt 1:25:21]} e6 {[%emt 0:01:30]} 8. Nd5 {[%emt 0:00:00]} Qd8 {[%emt 0:00:00]} 9. Nxf6+ {[%emt 0:00:00]} gxf6 {[%emt 0:00:00]} 10. c3 {[%emt 0:00:00]} a5 {[%emt 0:00:00]} 11. a4 {[%emt 0:00:00]} Nd7 {[%emt 0:00:00]} 12. Qe2 {[%emt 0:00:00]} Nb6 {[%emt 0:00:00]} 13. Bb3 {[%emt 0:00:00]} Nd5 {[%emt 0:00:00]} 14. Nh4 {[%emt 0:00:00]} Bg6 {[%emt 0:00:00]} 15. O-O {[%emt 0:00:00]} Bd6 {[%emt 0:00:00]} 16. g3 {[%emt 0:00:00]} Be7 {[%emt 0:00:00]} 17. c4 {[%emt 0:00:00]} Qb6 {[%emt 0:00:00]} 18. Qf3 {[%emt 0:00:00]} Nb4 {[%emt 0:00:00]} 19. Bxb4 {[%emt 0:00:46]} Qxb4 {[%emt 0:00:00]} 20. d5 {[%emt 0:00:54]} c5 {[%emt 0:00:00]} 21. dxe6 {[%emt 0:00:39]} fxe6 {[%emt 0:00:00]} 22. Nxg6 {[%emt 0:00:35]} hxg6 {[%emt 0:00:00]} 23. Rad1 {[%emt 0:00:50]} Rb8 {[%emt 0:00:00]} 24. Rd3 {[%emt 0:00:35]} Kf7 {[%emt 0:00:00]} 25. Rfd1 {[%emt 0:00:40]} Rhd8 {[%emt 0:00:00]} 26. Rd7 {[%emt 0:02:12]} Ke8 {[%emt 0:00:00]} 27. Rxd8+ {[%emt 0:00:30]} Rxd8 {[%emt 0:00:00]} 28. Rxd8+ {[%emt 0:00:29]} Bxd8 {[%emt 0:00:00]} 29. h4 {[%emt 0:01:58]} Be7 {[%emt 0:00:00]} 30. Kg2 {[%emt 0:00:37]} f5 {[%emt 0:00:00]} 31. Qc3 {[%emt 0:00:35]} Qxc3 {[%emt 0:00:00]} 1/2-1/2

[Event "18th Charleroi Open-A 2019"]
[Site "Charleroi"]
[Date "2019.07.29"]
[Round "4.21"]
[White "Moreels, Yves"]
[Black "Roels, Frederik"]
[Result "0-1"]
[WhiteElo "2079"]
[BlackElo "1944"]
[Annotator "NA"]
[PlyCount "78"]
[EventDate "2019.07.22"]
[EventType "swiss"]
[EventCountry "BEL"]
[SourceTitle "playchess.com"]
[Source "ChessBase"]
[SourceQuality "1"]
[TimeControl "40/5400+30:1800+30"]

1. c4 Nf6 {[%emt 1:30:30]} 2. Nc3 {[%emt 1:31:00]} e6 {[%emt 0:00:30]} 3. e4 {[%emt 0:00:30]} d6 {[%emt 0:00:30]} 4. d4 {[%emt 0:00:30]} Nbd7 {[%emt 0:00:30]} 5. Nf3 {[%emt 0:00:30]} e5 6. Be2 {[%emt 0:00:30]} Be7 {[%emt 0:01:00]} 7. O-O {[%emt 0:00:30]} O-O {[%emt 0:00:30]} 8. h3 {[%emt 0:00:30]} c6 {[%emt 0:00:30]} 9. Be3 {[%emt 0:00:30]} Re8 {[%emt 0:00:30]} 10. Qc2 {[%emt 0:00:30]} Qc7 {[%emt 0:00:30]} 11. Rad1 {[%emt 0:00:30]} b6 {[%emt 0:00:30]} 12. Nh2 {[%emt 0:00:30]} Bb7 {[%emt 0:00:30]} 13. f4 {[%emt 0:00:30]} Nf8 {[%emt 0:00:30]} 14. f5 {[%emt 0:00:30]} N6d7 {[%emt 0:00:30]} 15. g4 {[%emt 0:00:30]} exd4 {[%emt 0:00:30]} 16. Rxd4 {[%emt 0:00:30]} d5 {[%emt 0:00:30]} 17. Bf4 {[%emt 0:00:30]} Qc8 {[%emt 0:00:30]} 18. Rdd1 {[%emt 0:00:30]} d4 {[%emt 0:00:30]} 19. Nb1 {[%emt 0:00:30]} Bc5 {[%emt 0:00:30]} 20. Kg2 {[%emt 0:00:30]} b5 {[%emt 0:00:30]} 21. Nd2 {[%emt 0:00:30]} Bb4 {[%emt 0:00:30]} 22. Ndf3 {[%emt 0:00:30]} c5 {[%emt 0:00:30]} 23. Bd3 {[%emt 0:00:30]} bxc4 {[%emt 0:00:30]} 24. Bxc4 {[%emt 0:00:30]} Rxe4 {[%emt 0:00:30]} 25. Bxf7+ {[%emt 0:00:30]} Kh8 {[%emt 0:00:30]} 26. Bg3 {[%emt 0:00:30]} Ne5 {[%emt 0:00:30]} 27. Bxe5 {[%emt 0:00:30]} Rxe5 {[%emt 0:00:30]} 28. Kg1 {[%emt 0:00:30]} Re3 {[%emt 0:00:30]} 29. Qg2 {[%emt 0:00:30]} c4 {[%emt 0:00:30]} 30. Qf2 {[%emt 0:00:30]} Re7 {[%emt 0:00:30]} 31. Be6 {[%emt 0:00:30]} Nxe6 {[%emt 0:00:30]} 32. fxe6 {[%emt 0:00:30]} Qc6 {[%emt 0:00:30]} 33. Kg2 {[%emt 0:00:30]} d3 {[%emt 0:00:30]} 34. Qd4 {[%emt 0:00:30]} Qxe6 {[%emt 0:00:30]} 35. Rf2 {[%emt 0:00:30]} Rd7 {[%emt 0:00:30]} 36. Qf4 {[%emt 0:00:30]} Bc5 {[%emt 0:00:30]} 37. Rff1 {[%emt 0:00:30]} Qe2+ {[%emt 0:00:30]} 38. Kh1 {[%emt 0:00:30]} Bd6 {[%emt 0:00:30]} 39. Qd2 {[%emt 0:00:30]} Bxh2 {[%emt 0:00:30]} 0-1

[Event "18th Charleroi Open-A 2019"]
[Site "Charleroi"]
[Date "2019.07.29"]
[Round "4.23"]
[White "Sclacmender, Julien"]
[Black "Damlakhi, Mahmoud"]
[Result "1-0"]
[WhiteElo "2269"]
[BlackElo "2008"]
[Annotator "NA"]
[PlyCount "59"]
[EventDate "2019.07.22"]
[EventType "swiss"]
[EventCountry "BEL"]
[SourceTitle "playchess.com"]
[Source "ChessBase"]
[SourceQuality "1"]
[TimeControl "40/5400+30:1800+30"]

1. e4 {[%emt 0:00:00]} e5 {[%emt 0:00:43]} 2. Nf3 {[%emt 0:00:00]} Nc6 {[%emt 0:00:05]} 3. d4 {[%emt 0:00:02]} exd4 {[%emt 0:00:04]} 4. Nxd4 {[%emt 0:00:04]} Nf6 {[%emt 0:00:05]} 5. Nxc6 {[%emt 0:00:05]} bxc6 {[%emt 0:00:04]} 6. e5 {[%emt 0:00:12]} Qe7 {[%emt 0:00:04]} 7. Qe2 {[%emt 0:00:02]} Nd5 {[%emt 0:00:06]} 8. c4 {[%emt 0:00:03]} Ba6 {[%emt 0:00:03]} 9. Nd2 {[%emt 0:00:03]} g6 {[%emt 0:00:07]} 10. Nf3 {[%emt 0:00:55]} Qb4+ {[%emt 0:00:16]} 11. Kd1 {[%emt 0:02:02]} Qa4+ {[%emt 0:06:16]} 12. Qc2 {[%emt 0:05:28]} Qxc2+ {[%emt 0:04:07]} 13. Kxc2 {[%emt 0:00:02]} Nb6 {[%emt 0:00:22]} 14. b3 {[%emt 0:07:19]} Bc5 {[%emt 0:03:04]} 15. Bg5 {[%emt 0:14:15]} Bxf2 {[%emt 0:03:16]} 16. Bf6 {[%emt 0:00:23]} Rg8 {[%emt 0:04:01]} 17. Bd3 {[%emt 0:07:18]} Bc5 {[%emt 0:03:25]} 18. Rae1 {[%emt 0:02:14]} h6 {[%emt 0:05:07]} 19. Re2 {[%emt 0:07:24]} Bb7 {[%emt 0:07:54]} 20. h4 {[%emt 0:07:03]} a5 {[%emt 0:05:21]} 21. a4 {[%emt 0:00:34]} h5 {[%emt 0:04:34]} 22. Ng5 {[%emt 0:02:31]} Nc8 {[%emt 0:11:43]} 23. Ne4 {[%emt 0:17:58]} Be7 {[%emt 0:00:59]} 24. c5 {[%emt 0:18:12]} Ba6 {[%emt 0:03:36]} 25. Bxa6 {[%emt 0:01:01]} Rxa6 {[%emt 0:01:39]} 26. Rd1 {[%emt 0:01:53]} Ra8 {[%emt 0:03:57]} 27. Red2 {[%emt 0:01:48]} Bd8 {[%emt 0:05:30]} 28. Bxd8 {[%emt 0:00:41]} Kxd8 {[%emt 0:00:16]} 29. Nf6 {[%emt 0:00:11]} Rh8 {[%emt 0:00:21]} 30. Rxd7# {[%emt 0:00:06]} 1-0

[Event "18th Charleroi Open-A 2019"]
[Site "Charleroi"]
[Date "2019.07.29"]
[Round "4.24"]
[White "Duhayon, Yves"]
[Black "Partoens, Remi"]
[Result "1-0"]
[WhiteElo "2132"]
[BlackElo "1957"]
[Annotator "ChessBase"]
[PlyCount "121"]
[EventDate "2019.07.22"]
[EventType "swiss"]
[EventCountry "BEL"]
[SourceTitle "playchess.com"]
[Source "ChessBase"]
[SourceQuality "1"]
[TimeControl "40/5400+30:1800+30"]

1. d4 {[%emt 0:00:00]} Nf6 {[%emt 0:00:00]} 2. c4 {[%emt 0:00:00]} c5 {[%emt 0:00:00]} 3. d5 {[%emt 0:00:00]} e5 {[%emt 0:00:00]} 4. Nc3 {[%emt 0:00:00]} d6 {[%emt 0:00:00]} 5. e4 {[%emt 0:00:20]} Be7 {[%emt 0:00:00]} 6. g3 {[%emt 1:32:40]} O-O {[%emt 0:00:06]} 7. Bg2 {[%emt 0:00:00]} Ne8 {[%emt 0:00:05]} 8. Nge2 {[%emt 0:00:00]} Na6 {[%emt 0:00:11]} 9. O-O {[%emt 0:00:00]} Nec7 {[%emt 0:00:05]} 10. f4 {[%emt 0:00:00]} Bf6 {[%emt 0:00:02]} 11. Be3 {[%emt 0:02:30]} Bd7 {[%emt 0:06:03]} 12. Rf2 {[%emt 0:00:00]} b5 {[%emt 0:00:45]} 13. cxb5 {[%emt 0:00:00]} Nxb5 {[%emt 0:00:10]} 14. Nxb5 {[%emt 0:00:00]} Bxb5 {[%emt 0:00:18]} 15. Nc3 {[%emt 0:00:00]} Bd7 {[%emt 0:01:35]} 16. Bf1 {[%emt 0:00:00]} Nc7 {[%emt 0:01:53]} 17. Qd2 {[%emt 0:00:00]} Rb8 {[%emt 0:11:01]} 18. f5 {[%emt 0:00:00]} g5 {[%emt 0:02:43]} 19. g4 {[%emt 0:00:00]} h6 {[%emt 0:09:43]} 20. b3 {[%emt 0:00:00]} Nb5 {[%emt 0:02:34]} 21. Ne2 {[%emt 0:00:00]} Nd4 {[%emt 0:04:39]} 22. Ng3 {[%emt 0:00:00]} Bg7 {[%emt 0:04:55]} 23. Nh5 {[%emt 0:00:00]} f6 {[%emt 0:00:33]} 24. Bc4 {[%emt 0:00:00]} Be8 {[%emt 0:20:28]} 25. Ng3 {[%emt 0:00:00]} a5 {[%emt 0:04:19]} 26. Bxd4 {[%emt 0:00:00]} exd4 {[%emt 0:00:29]} 27. a4 {[%emt 0:00:00]} Rf7 {[%emt 0:04:01]} 28. Nf1 {[%emt 0:00:00]} Bf8 {[%emt 0:00:44]} 29. Qd3 {[%emt 0:00:00]} Rh7 {[%emt 0:00:36]} 30. Nd2 {[%emt 0:00:00]} h5 {[%emt 0:01:34]} 31. h3 {[%emt 0:00:00]} hxg4 {[%emt 0:00:32]} 32. hxg4 {[%emt 0:00:00]} Rbb7 {[%emt 0:01:16]} 33. Nf3 {[%emt 0:00:00]} Rh3 {[%emt 0:01:14]} 34. Raa2 {[%emt 0:00:00]} Rbh7 {[%emt 0:02:48]} 35. Rh2 {[%emt 0:00:14]} Qe7 {[%emt 0:01:58]} 36. Rag2 {[%emt 0:05:17]} Rxh2 {[%emt 0:01:10]} 37. Rxh2 {[%emt 0:00:17]} Rxh2 {[%emt 0:00:07]} 38. Kxh2 {[%emt 0:00:10]} Kg7 {[%emt 0:00:56]} 39. Kg2 {[%emt 0:00:29]} Kg8 {[%emt 0:00:55]} 40. Nd2 {[%emt 0:02:51]} Qc7 {[%emt 0:01:46]} 41. Bb5 {[%emt 0:30:49]} Bf7 {[%emt 0:30:01]} 42. Nc4 {[%emt 0:00:22]} Be7 {[%emt 0:00:07]} 43. Nd2 {[%emt 0:03:04]} Bd8 {[%emt 0:01:18]} 44. Bc6 {[%emt 0:00:26]} Kg7 {[%emt 0:02:19]} 45. Nf3 {[%emt 0:02:22]} Qe7 {[%emt 0:00:31]} 46. Kf2 {[%emt 0:00:21]} Qc7 {[%emt 0:01:15]} 47. Ke2 {[%emt 0:00:31]} Qe7 {[%emt 0:01:02]} 48. Qc2 {[%emt 0:00:41]} Qc7 {[%emt 0:00:30]} 49. Kd3 {[%emt 0:00:19]} Qe7 {[%emt 0:05:06]} 50. Qc4 {[%emt 0:00:00]} Qf8 {[%emt 0:00:00]} 51. Qc2 {[%emt 0:00:00]} Qe7 {[%emt 0:00:00]} 52. Qh2 {[%emt 0:00:00]} Qc7 {[%emt 0:00:00]} 53. Nd2 {[%emt 0:00:00]} Qe7 {[%emt 0:00:00]} 54. Nc4 {[%emt 0:00:00]} Qa7 {[%emt 0:00:00]} 55. Qxd6 {[%emt 0:00:00]} Bc7 {[%emt 0:00:00]} 56. Qd7 {[%emt 0:00:00]} Qb8 {[%emt 0:00:00]} 57. Bb5 {[%emt 0:00:00]} Kg8 {[%emt 0:00:00]} 58. d6 {[%emt 0:00:00]} Bd8 {[%emt 0:00:00]} 59. e5 {[%emt 0:00:00]} fxe5 {[%emt 0:00:00]} 60. Nxe5 {[%emt 0:00:00]} Bxb3 {[%emt 0:00:00]} 61. Nc6 {[%emt 0:06:47]} 1-0

[Event "18th Charleroi Open-A 2019"]
[Site "Charleroi"]
[Date "2019.07.29"]
[Round "4.26"]
[White "Van Uytven, Eric"]
[Black "Lui, Eric"]
[Result "1-0"]
[WhiteElo "2071"]
[BlackElo "1884"]
[Annotator "NA"]
[PlyCount "61"]
[EventDate "2019.07.22"]
[EventType "swiss"]
[EventCountry "BEL"]
[SourceTitle "playchess.com"]
[Source "ChessBase"]
[SourceQuality "1"]
[TimeControl "40/5400+30:1800+30"]

1. d4 {[%emt 0:00:00]} Nf6 {[%emt 0:00:00]} 2. Nf3 {[%emt 0:00:05]} b6 {[%emt 1:31:00]} 3. g3 {[%emt 0:00:36]} Bb7 {[%emt 0:00:00]} 4. Bg2 {[%emt 0:00:09]} e6 {[%emt 0:00:00]} 5. O-O {[%emt 0:00:14]} Be7 {[%emt 0:00:00]} 6. c4 {[%emt 0:00:45]} d5 {[%emt 0:00:00]} 7. Ne5 {[%emt 0:03:02]} O-O {[%emt 0:00:00]} 8. Nc3 {[%emt 0:00:46]} Ne4 {[%emt 0:03:00]} 9. cxd5 {[%emt 0:06:57]} Nxc3 {[%emt 0:00:00]} 10. bxc3 {[%emt 0:00:52]} exd5 {[%emt 0:00:00]} 11. Qa4 {[%emt 0:09:00]} Re8 {[%emt 0:00:00]} 12. Bf4 {[%emt 0:03:22]} f6 {[%emt 0:00:00]} 13. Nd3 {[%emt 0:08:51]} Bc6 {[%emt 0:00:00]} 14. Qb3 {[%emt 0:03:55]} Kh8 {[%emt 0:00:00]} 15. Nb4 {[%emt 0:07:43]} Bxb4 {[%emt 0:00:00]} 16. cxb4 {[%emt 0:00:48]} g5 {[%emt 0:00:00]} 17. Be3 {[%emt 0:04:45]} Nd7 {[%emt 0:00:00]} 18. Rfc1 {[%emt 0:10:00]} Nb8 {[%emt 0:00:00]} 19. Rc2 {[%emt 0:03:51]} Qd7 {[%emt 0:00:00]} 20. b5 {[%emt 0:12:48]} Bxb5 {[%emt 0:00:00]} 21. Qxd5 {[%emt 0:00:41]} Qxd5 {[%emt 0:00:00]} 22. Bxd5 {[%emt 0:00:08]} c6 {[%emt 0:00:00]} 23. Bf3 {[%emt 0:02:09]} Ba4 {[%emt 0:00:00]} 24. Rc4 {[%emt 0:01:48]} b5 {[%emt 0:00:00]} 25. Rc5 {[%emt 0:01:33]} Na6 {[%emt 0:00:00]} 26. Rxc6 {[%emt 0:01:11]} Nb4 {[%emt 0:00:00]} 27. Rxf6 {[%emt 0:00:47]} Rac8 {[%emt 0:00:00]} 28. Bxg5 {[%emt 0:02:10]} Nc2 {[%emt 0:00:00]} 29. Rd1 {[%emt 0:01:47]} Ne3 {[%emt 0:00:00]} 30. Rb1 {[%emt 0:01:51]} Nc4 {[%emt 0:00:00]} 31. Rf7 {[%emt 0:01:28]} 1-0

[Event "18th Charleroi Open-A 2019"]
[Site "Charleroi"]
[Date "2019.07.29"]
[Round "4.27"]
[White "De Weird, Matthias"]
[Black "Dugailliez, Guy"]
[Result "1/2-1/2"]
[WhiteElo "2009"]
[BlackElo "2063"]
[Annotator "NA"]
[PlyCount "47"]
[EventDate "2019.07.22"]
[EventType "swiss"]
[EventCountry "BEL"]
[SourceTitle "playchess.com"]
[Source "ChessBase"]
[SourceQuality "1"]
[TimeControl "40/5400+30:1800+30"]

1. e4 {[%emt 0:00:00]} Nf6 {[%emt 0:00:00]} 2. e5 {[%emt 0:00:00]} Nd5 {[%emt 0:00:00]} 3. Nc3 {[%emt 0:00:00]} Nxc3 {[%emt 0:00:35]} 4. bxc3 {[%emt 0:00:00]} Nc6 {[%emt 0:01:18]} 5. d4 {[%emt 0:00:00]} g6 {[%emt 0:00:37]} 6. f4 {[%emt 0:00:23]} Bg7 {[%emt 0:01:58]} 7. d5 {[%emt 0:01:30]} Na5 {[%emt 0:00:40]} 8. Qg4 {[%emt 0:04:28]} d6 {[%emt 0:01:08]} 9. e6 {[%emt 0:01:07]} Bxc3+ {[%emt 0:01:01]} 10. Bd2 {[%emt 0:00:05]} Bxa1 {[%emt 0:02:29]} 11. Bxa5 {[%emt 0:00:18]} a6 {[%emt 0:07:24]} 12. Nf3 {[%emt 0:02:00]} Bf6 {[%emt 0:00:50]} 13. f5 {[%emt 0:02:32]} h5 {[%emt 0:13:26]} 14. exf7+ {[%emt 0:01:10]} Kxf7 {[%emt 0:02:53]} 15. Qxg6+ {[%emt 0:00:25]} Kf8 {[%emt 0:00:05]} 16. Ng5 {[%emt 0:01:14]} Bxg5 {[%emt 0:01:03]} 17. Qxg5 {[%emt 0:00:05]} Qe8 {[%emt 0:02:11]} 18. Bc3 {[%emt 0:00:11]} Rh7 {[%emt 0:01:02]} 19. Bd3 {[%emt 0:00:32]} h4 {[%emt 0:01:23]} 20. O-O {[%emt 0:00:58]} Qh5 {[%emt 0:01:43]} 21. Qg6 {[%emt 0:00:56]} Qh6 {[%emt 0:03:56]} 22. f6 {[%emt 0:01:08]} Qxg6 {[%emt 0:07:29]} 23. Bxg6 {[%emt 0:00:09]} Rf7 {[%emt 0:02:00]} 24. fxe7+ {[%emt 0:00:07]} 1/2-1/2

[Event "18th Charleroi Open-A 2019"]
[Site "Charleroi"]
[Date "2019.07.29"]
[Round "4.28"]
[White "Van Doren, Bas"]
[Black "Fischer, Julie"]
[Result "1-0"]
[WhiteElo "1976"]
[BlackElo "2050"]
[Annotator "NA"]
[PlyCount "75"]
[EventDate "2019.07.22"]
[EventType "swiss"]
[EventCountry "BEL"]
[SourceTitle "playchess.com"]
[Source "ChessBase"]
[SourceQuality "1"]
[TimeControl "40/5400+30:1800+30"]

1. e4 {[%emt 0:16:51]} g6 {[%emt 0:03:47]} 2. d4 {[%emt 0:00:28]} Bg7 {[%emt 0:00:05]} 3. Nc3 {[%emt 0:00:10]} c6 {[%emt 0:00:08]} 4. f4 {[%emt 0:01:09]} d5 {[%emt 0:01:02]} 5. e5 {[%emt 0:00:05]} Nh6 {[%emt 0:00:47]} 6. Bd3 {[%emt 0:04:25]} Bg4 {[%emt 0:03:19]} 7. Nce2 {[%emt 0:02:40]} e6 {[%emt 0:05:54]} 8. Be3 {[%emt 0:05:32]} Bf5 {[%emt 0:05:32]} 9. h3 {[%emt 0:07:32]} Be4 {[%emt 0:04:21]} 10. Bxe4 {[%emt 0:02:47]} dxe4 {[%emt 0:00:01]} 11. g4 {[%emt 0:00:52]} f5 {[%emt 0:00:43]} 12. exf6 {[%emt 0:02:36]} Bxf6 {[%emt 0:00:14]} 13. Nc3 {[%emt 0:01:29]} Bh4+ {[%emt 0:02:43]} 14. Ke2 {[%emt 0:01:09]} Qb6 {[%emt 0:11:51]} 15. Nxe4 {[%emt 0:04:38]} Qxb2 {[%emt 0:01:15]} 16. Rb1 {[%emt 0:07:49]} Qxa2 {[%emt 0:00:31]} 17. Nd6+ {[%emt 0:03:47]} Ke7 {[%emt 0:06:01]} 18. Nxb7 {[%emt 0:35:01]} Nd7 {[%emt 0:00:45]} 19. Nf3 {[%emt 0:00:00]} Rab8 {[%emt 0:02:13]} 20. Qd3 {[%emt 0:00:00]} Nb6 {[%emt 0:09:49]} 21. Nc5 {[%emt 0:00:00]} Bf6 {[%emt 0:03:40]} 22. Ra1 {[%emt 0:00:00]} Qd5 {[%emt 0:00:22]} 23. g5 {[%emt 0:00:00]} Nf5 {[%emt 0:00:17]} 24. gxf6+ {[%emt 0:00:00]} Kxf6 {[%emt 0:00:21]} 25. Rhg1 {[%emt 0:00:00]} Ra8 {[%emt 0:05:27]} 26. Ne5 {[%emt 0:00:00]} Rhd8 {[%emt 0:02:37]} 27. c3 {[%emt 0:00:00]} a5 {[%emt 0:01:06]} 28. Kf2 {[%emt 0:00:00]} Nd6 {[%emt 0:06:28]} 29. Rg5 {[%emt 0:00:00]} Nf5 {[%emt 0:01:29]} 30. c4 {[%emt 0:00:00]} Qxc5 {[%emt 0:00:28]} 31. dxc5 {[%emt 0:00:00]} Rxd3 {[%emt 0:00:04]} 32. Nxd3 {[%emt 0:00:00]} Nxc4 {[%emt 0:00:04]} 33. Bc1 {[%emt 0:00:00]} Rd8 {[%emt 0:01:32]} 34. Ne5 {[%emt 0:00:00]} Nd2 {[%emt 0:00:13]} 35. Bxd2 {[%emt 0:00:00]} Rxd2+ {[%emt 0:00:06]} 36. Ke1 {[%emt 0:00:00]} Rh2 {[%emt 0:00:38]} 37. Rxa5 {[%emt 0:00:00]} Nd4 {[%emt 0:00:21]} 38. Ng4+ {[%emt 0:00:00]} 1-0

[Event "18th Charleroi Open-A 2019"]
[Site "Charleroi"]
[Date "2019.07.29"]
[Round "4.29"]
[White "Moerman, Thomas"]
[Black "Miulescu, Gabriel"]
[Result "0-1"]
[WhiteElo "1931"]
[BlackElo "2020"]
[Annotator "NA"]
[PlyCount "94"]
[EventDate "2019.07.22"]
[EventType "swiss"]
[EventCountry "BEL"]
[SourceTitle "playchess.com"]
[Source "ChessBase"]
[SourceQuality "1"]
[TimeControl "40/5400+30:1800+30"]

1. d4 {[%emt 0:16:44]} Nf6 {[%emt 0:00:00]} 2. c4 {[%emt 0:00:07]} g6 {[%emt 0:00:00]} 3. Nc3 {[%emt 0:00:13]} d5 {[%emt 0:00:00]} 4. cxd5 {[%emt 0:00:15]} Nxd5 {[%emt 0:00:06]} 5. e4 {[%emt 0:00:06]} Nxc3 {[%emt 0:00:07]} 6. bxc3 {[%emt 0:00:04]} Bg7 {[%emt 0:00:13]} 7. Be3 {[%emt 0:00:07]} O-O {[%emt 0:00:15]} 8. Qd2 {[%emt 0:00:46]} c5 {[%emt 0:01:32]} 9. Nf3 {[%emt 0:00:18]} Qa5 {[%emt 0:02:05]} 10. Rc1 {[%emt 0:00:21]} Bg4 {[%emt 0:08:46]} 11. Be2 {[%emt 0:01:51]} Nc6 {[%emt 0:05:21]} 12. d5 {[%emt 0:01:05]} Rad8 {[%emt 0:09:49]} 13. O-O {[%emt 0:01:15]} Bxf3 {[%emt 0:10:50]} 14. Bxf3 {[%emt 0:01:12]} Ne5 {[%emt 0:01:36]} 15. Be2 {[%emt 0:01:30]} Qc7 {[%emt 0:00:59]} 16. f4 {[%emt 0:03:15]} Nd7 {[%emt 0:00:46]} 17. c4 {[%emt 0:05:59]} b6 {[%emt 0:07:16]} 18. h4 {[%emt 0:02:25]} h5 {[%emt 0:06:57]} 19. e5 {[%emt 0:05:41]} f5 {[%emt 0:04:21]} 20. Qe1 {[%emt 0:05:56]} Bh6 {[%emt 0:03:26]} 21. Qg3 {[%emt 0:00:45]} Kh7 {[%emt 0:00:51]} 22. Rcd1 {[%emt 0:03:40]} Nb8 {[%emt 0:04:56]} 23. Bc1 {[%emt 0:04:04]} Rg8 {[%emt 0:02:37]} 24. Rf3 {[%emt 0:01:17]} Qd7 {[%emt 0:05:52]} 25. Rfd3 {[%emt 0:02:24]} Qa4 {[%emt 0:03:29]} 26. Ra3 {[%emt 0:02:09]} Qd7 {[%emt 0:00:13]} 27. Bb2 {[%emt 0:01:02]} a5 {[%emt 0:02:53]} 28. Rb3 {[%emt 0:03:52]} Qa7 {[%emt 0:00:39]} 29. e6 {[%emt 0:06:54]} Na6 {[%emt 0:03:19]} 30. Bxh5 {[%emt 0:10:59]} gxh5 {[%emt 0:01:25]} 31. Qf3 {[%emt 0:00:38]} Rg4 {[%emt 0:00:50]} 32. d6 {[%emt 0:06:18]} exd6 {[%emt 0:03:38]} 33. Qd3 {[%emt 0:00:13]} Kg6 {[%emt 0:03:19]} 34. Qc3 {[%emt 0:06:22]} Bg7 {[%emt 0:02:34]} 35. Qxg7+ {[%emt 0:00:13]} Qxg7 {[%emt 0:00:04]} 36. Bxg7 {[%emt 0:00:07]} Kxg7 {[%emt 0:00:04]} 37. Rxb6 {[%emt 0:00:05]} Nb4 {[%emt 0:01:31]} 38. Re1 {[%emt 0:00:31]} Rxf4 {[%emt 0:01:28]} 39. Rb7+ {[%emt 0:00:09]} Kg8 {[%emt 0:01:00]} 40. Rd7 {[%emt 0:04:11]} Re8 {[%emt 0:00:51]} 41. Re3 {[%emt 0:31:38]} Rxc4 {[%emt 0:33:11]} 42. a3 {[%emt 0:00:56]} Nd5 {[%emt 0:00:57]} 43. Rb3 {[%emt 0:00:34]} Nf6 {[%emt 0:00:00]} 44. Rf7 {[%emt 0:00:00]} Rxe6 {[%emt 0:00:00]} 45. Rbb7 {[%emt 0:00:00]} Rg4 {[%emt 0:00:00]} 46. Rfc7 {[%emt 0:00:00]} Ne8 {[%emt 0:00:00]} 47. Rf7 {[%emt 0:00:00]} Rg7 {[%emt 0:00:00]} 0-1